| 000 | 00522nam a22001937a 4500 | ||
|---|---|---|---|
| 003 | MPLRDC | ||
| 005 | 20220104203510.0 | ||
| 008 | 210129b ||||| |||| 00| 0 eng d | ||
| 020 | _a978-986-262-323-7 | ||
| 082 | _a218.9 LAF | ||
| 100 | _a塞日·拉菲特 SERGE LAFITTE | ||
| 245 |
_a圣经与古兰经 _c孙千净 译 |
||
| 250 | _a初版五刷 | ||
| 260 |
_a台湾 _b猫头鹰出版 _c2017 |
||
| 300 | _b平 | ||
| 520 | _a新书上架 2018-09-01。 | ||
| 650 | _a其他宗教比较论 | ||
| 942 |
_cBK _o218.9 LAF |
||
| 999 |
_c68155 _d68145 |
||